000
00165 a2200085 4500
041
_a
spa
100
_a
Uribe, maria de la luz
245
_a
Doą piǫnes
942
_c
BK
999
_c
11392
_d
11392